|
|
|
|
| LEADER |
00000nam0a2200000 4500 |
| 001 |
680275 |
| 005 |
20251219161424.0 |
| 010 |
|
|
|a 978-5-7609-2019-5
|
| 090 |
|
|
|a 680275
|
| 100 |
|
|
|a 20250519d2025 m||y0rusy50 ca
|
| 101 |
0 |
|
|a rus
|
| 102 |
|
|
|a RU
|
| 105 |
|
|
|a a j 001yy
|
| 181 |
|
0 |
|a i
|b e
|
| 182 |
|
0 |
|a n
|
| 183 |
|
0 |
|a nc
|2 RDAcarrier
|
| 200 |
1 |
|
|a Моделирование структурных превращений в однокомпонентных и многокомпонентных металлических наносистемах
|e учебник
|f Н. Ю. Сдобняков
|g Тверской государственный университет
|
| 203 |
|
|
|a Текст
|b визуальный
|c непосредственный
|
| 210 |
|
|
|a Тверь
|c Изд-во Тверского гос. ун-та
|d 2025
|
| 215 |
|
|
|a 407 с.
|c ил.
|
| 225 |
1 |
|
|a Высшее образование
|
| 283 |
|
|
|a volume
|2 RDAcarrier
|
| 320 |
|
|
|a Список публикаций, на основе которых подготовлено издание: с. 323-407
|
| 330 |
|
|
|a Учебник раскрывает сущность комплексного подхода, сочетающего применение атомистического и термодинамического моделирования, для изучения структурных превращений в металлических наносистемах и демонстрирует его реализацию при последовательном переходе от изучения однокомпонентных металлических наночастиц как объектов исследования к более сложным (бинарным и многокомпонентным металлическим наночастицам и нанос плавам). Описанные результаты могут быть использованы в качестве предварительного этапа планирования лабораторных экспериментов по синтезу и изучению свойств металлических наночастиц Учебник предназначен для студентов, аспирантов и преподавателей физических, химических и технологических факультетов вузов. Учебник может быть полезен научным сотрудникам, работающим в области моделирования процессов структурообразования в моно- и многокомпонентных наносистемах. а также представляет интерес для специалистов в области нано электроники и технологии синтеза нанокомпозиционных материалов.
|
| 606 |
|
|
|a Наночастицы
|x Физика
|9 85606
|
| 610 |
1 |
|
|a однокомпонентные металлические наносистемы
|
| 610 |
1 |
|
|a многокомпонентные металлические наносистемы
|
| 610 |
1 |
|
|a металлические наночастицы
|
| 610 |
1 |
|
|a атомистическое моделирование
|
| 610 |
1 |
|
|a термодинамическое моделирование
|
| 610 |
1 |
|
|a структурные превращения
|
| 610 |
1 |
|
|a поверхностное натяжение
|
| 610 |
1 |
|
|a учебники
|
| 675 |
|
|
|a 538.9(075.8)
|v 4
|
| 700 |
|
1 |
|a Сдобняков
|b Н. Ю.
|g Николай Юрьевич
|
| 712 |
0 |
2 |
|7 ca
|8 rus
|a Тверской государственный университет
|c 1990-
|4 570
|9 23225
|
| 801 |
|
0 |
|a RU
|b 63413507
|c 20250520
|
| 850 |
|
|
|a 63413507
|
| 942 |
|
|
|c BK
|